Every striped country flag (nothing but rectangles or squares) - Statistics

General Stats
  • This quiz has been taken 4 times
  • The average score is 30 of 37
Answer Stats
Answer % Correct
Armenia
100%
Austria
100%
Belgium
100%
Benin
100%
Bulgaria
100%
Colombia
100%
Estonia
100%
Germany
100%
Italy
100%
Latvia
100%
Lithuania
100%
Monaco
100%
Netherlands
100%
Nigeria
100%
Poland
100%
Romania
100%
Russia
100%
Ukraine
100%
United Arab Emirates
100%
Botswana
67%
Chad
67%
France
67%
Gabon
67%
Gambia
67%
Guinea
67%
Hungary
67%
Indonesia
67%
Ireland
67%
Luxembourg
67%
Madagascar
67%
Mauritius
67%
Peru
67%
Yemen
67%
Cote d'Ivoire
33%
Mali
33%
Sierra Leone
33%
Thailand
33%
No matching quizzes found
Score Distribution
Percent of People with Each Score
Percentile by Number Answered
Your Score History
You have not taken this quiz